A Parent's bedside companion : (Record no. 123099)

MARC details
000 -LEADER
fixed length control field 00751nam a22002297a 4500
005 - DATE AND TIME OF LATEST TRANSACTION
control field 20170124105920.0
010 ## - LIBRARY OF CONGRESS CONTROL NUMBER
LC control number A-809149
020 ## - INTERNATIONAL STANDARD BOOK NUMBER
Terms of availability 00.00
International Standard Book Number 8171761704
035 ## - SYSTEM CONTROL NUMBER
System control number A-809149
037 ## - SOURCE OF ACQUISITION
Source of stock number/acquisition Cen Lib/Ret
040 ## - CATALOGING SOURCE
Original cataloging agency DPL
Language of cataloging EN
082 ## - DEWEY DECIMAL CLASSIFICATION NUMBER
Classification number 306.874
Item number SAN
100 ## - MAIN ENTRY--PERSONAL NAME
Personal name Sanders, Randolph K.
9 (RLIN) 4131
245 ## - TITLE STATEMENT
Title A Parent's bedside companion :
Statement of responsibility, etc by Randolph K. Sanders
Remainder of title inspiration for parents of young children /
260 ## - PUBLICATION, DISTRIBUTION, ETC. (IMPRINT)
Place of publication, distribution, etc Bombay
Name of publisher, distributor, etc Pauline Publications
Date of publication, distribution, etc 1970
270 ## - ADDRESS
City Bombay
Address 143 Waterfield Road, Bandra
Postal code 400050
300 ## - PHYSICAL DESCRIPTION
Extent 154p.
Dimensions 21cm(Hb)
500 ## - GENERAL NOTE
General note Includes bibliographical references and index
650 ## - SUBJECT ADDED ENTRY--TOPICAL TERM
Topical term or geographic name as entry element Parenting
9 (RLIN) 4132
650 ## - SUBJECT ADDED ENTRY--TOPICAL TERM
Topical term or geographic name as entry element Child care-parenting
9 (RLIN) 4133
942 ## - ADDED ENTRY ELEMENTS (KOHA)
Source of classification or shelving scheme Dewey Decimal Classification
Koha item type English Books
Classification part 306.874
Call number suffix SAN
Holdings
Withdrawn status Lost status Damaged status Not for loan Home library Current library Date acquired Source of acquisition Cost, normal purchase price Total Checkouts Full call number Barcode Date last seen Copy number Cost, replacement price Price effective from Koha item type Public note
Written off       Central Library Central Library 02/06/2015 Cen Lib/Ret 0.00   306.874 SAN A-809149 02/06/2015 1 0.00 02/06/2015 English Books W/d list no. 6813/5

© Delhi Public Library
Hit Counter
free hit counter